000 00669nam a2200193 a 4500
001 000009689
005 20240412074212.0
008 091001s1983 dr 000 p spa d
040 _aDO-SdBNP
_bspa
_cBNPHU
082 _aRD861.44
_bB253h
100 1 _aBarinas Coiscou, Sócrates,
_d1916-2021
_924379
245 1 0 _aHoriko Shima :
_bFragmentos de 50 cartas a una muchacha japonesa /
_cSócrates Barinas Coiscou.
260 _a[Santo Domingo] :
_b[Impresos de Calidad],
_c1983.
300 _al, [35] p. :
_b21 cm.
590 _aInventariado, 2018/LP
650 0 _aPoesía dominicana
_966
650 0 _aLiteratura dominicana.
_967
910 _aValidado. Control de calidad MFF
999 _c9449
_d9449